[Event "Moscow Open 2016 A"]
[Site "?"]
[Date "2016.02.03"]
[Round "5.5"]
[White "Faizrakhmanov, Ramil"]
[Black "Kokarev, Dmitry"]
[Result "0-1"]
[BlackElo "2619"]
[WhiteElo "2426"]
[LiveChessVersion "1.4.7"]

1. d4 {[%clk 1:30:56]} Nf6 {[%clk 1:30:51]} 2. c4 {[%clk 1:31:14]} g6
{[%clk 1:31:13]} 3. Nc3 {[%clk 1:31:28]} Bg7 {[%clk 1:31:34]} 4. e4
{[%clk 1:31:44]} d6 {[%clk 1:31:56]} 5. Be2 {[%clk 1:31:43]} O-O {[%clk 1:32:05]}
6. Bg5 {[%clk 1:31:53]} Na6 {[%clk 1:31:58]} 7. Nf3 {[%clk 1:30:27]} h6
{[%clk 1:31:17]} 8. Be3 {[%clk 1:29:20]} e5 {[%clk 1:31:00]} 9. O-O
{[%clk 1:27:48]} Ng4 {[%clk 1:27:18]} 10. Bc1 {[%clk 1:27:17]} c6
{[%clk 1:26:55]} 11. h3 {[%clk 1:24:10]} exd4 {[%clk 1:27:09]} 12. Nxd4
{[%clk 1:22:33]} Nf6 {[%clk 1:27:31]} 13. Bf4 {[%clk 1:20:08]} Re8
{[%clk 1:26:01]} 14. Bf3 {[%clk 1:19:12]} Nh7 {[%clk 1:24:37]} 15. Re1
{[%clk 1:13:30]} Ng5 {[%clk 1:23:45]} 16. h4 {[%clk 1:03:36]} Nxf3+
{[%clk 1:01:47]} 17. Nxf3 {[%clk 1:02:09]} Bg4 {[%clk 1:02:11]} 18. Qxd6
{[%clk 0:53:56]} Bxf3 {[%clk 1:02:02]} 19. gxf3 {[%clk 0:51:02]} Qxh4
{[%clk 0:59:53]} 20. Rad1 {[%clk 0:50:31]} Rad8 {[%clk 0:46:08]} 21. Bg3
{[%clk 0:50:45]} Qg5 {[%clk 0:46:00]} 22. Qf4 {[%clk 0:42:08]} Qxf4
{[%clk 0:32:21]} 23. Bxf4 {[%clk 0:42:32]} Nc5 {[%clk 0:32:03]} 24. Rxd8
{[%clk 0:34:17]} Rxd8 {[%clk 0:32:20]} 25. Rd1 {[%clk 0:34:39]} Rxd1+
{[%clk 0:32:06]} 26. Nxd1 {[%clk 0:32:38]} Nd3 {[%clk 0:32:09]} 27. Be3
{[%clk 0:32:30]} Ne5 {[%clk 0:29:41]} 28. Bxa7 {[%clk 0:27:31]} Nxf3+
{[%clk 0:29:57]} 29. Kg2 {[%clk 0:26:33]} Nd2 {[%clk 0:29:34]} 30. b3
{[%clk 0:24:42]} Nxe4 {[%clk 0:29:56]} 31. Ne3 {[%clk 0:23:39]} f5
{[%clk 0:29:35]} 32. f3 {[%clk 0:22:45]} Nc3 {[%clk 0:22:51]} 33. a4
{[%clk 0:22:22]} f4 {[%clk 0:22:31]} 34. Nc2 {[%clk 0:22:15]} Kf7
{[%clk 0:20:16]} 35. Nb4 {[%clk 0:20:02]} Ke7 {[%clk 0:18:18]} 36. a5
{[%clk 0:18:05]} Kd7 {[%clk 0:18:05]} 37. Nd3 {[%clk 0:17:39]} g5
{[%clk 0:15:58]} 38. Nc5+ {[%clk 0:15:56]} Kc8 {[%clk 0:16:20]} 39. Ne6
{[%clk 0:15:54]} Bf6 {[%clk 0:16:06]} 40. Bc5 {[%clk 0:45:08]} Kd7
{[%clk 0:39:31]} 41. Nf8+ {[%clk 0:43:44]} Ke8 {[%clk 0:38:27]} 42. Ne6
{[%clk 0:43:51]} Na2 {[%clk 0:29:37]} 43. b4 {[%clk 0:39:37]} Bc3
{[%clk 0:28:47]} 44. a6 {[%clk 0:39:49]} bxa6 {[%clk 0:29:12]} 45. Nc7+
{[%clk 0:40:15]} Kd7 {[%clk 0:28:47]} 46. Nxa6 {[%clk 0:40:39]} Nc1
{[%clk 0:24:22]} 47. b5 {[%clk 0:35:16]} cxb5 {[%clk 0:24:45]} 48. cxb5
{[%clk 0:35:18]} Nd3 {[%clk 0:25:05]} 49. Bf8 {[%clk 0:24:11]} h5
{[%clk 0:25:23]} 50. Bh6 {[%clk 0:17:54]} Bf6 {[%clk 0:25:46]} 51. b6
{[%clk 0:17:35]} Kc6 {[%clk 0:22:50]} 52. Nb8+ {[%clk 0:17:18]} Kb7
{[%clk 0:23:12]} 53. Nd7 {[%clk 0:17:43]} Be7 {[%clk 0:23:28]} 54. Bf8
{[%clk 0:12:47]} Bd8 {[%clk 0:15:42]} 55. Bh6 {[%clk 0:12:12]} Kc6
{[%clk 0:15:06]} 56. Nf8 {[%clk 0:12:23]} Nc5 {[%clk 0:15:17]} 57. Bg7
{[%clk 0:09:55]} Bxb6 {[%clk 0:12:29]} 58. Bf6 {[%clk 0:08:52]} g4
{[%clk 0:12:53]} 59. Bg5 {[%clk 0:06:50]} Bc7 {[%clk 0:12:20]} 60. Ng6
{[%clk 0:04:31]} Ne6 {[%clk 0:12:33]} 61. Bh6 {[%clk 0:04:41]} g3
{[%clk 0:11:48]} 62. Kh3 {[%clk 0:03:09]} Kd7 {[%clk 0:10:19]} 63. Nf8+ Nxf8 64.
Bxf8 {[%clk 0:02:01]} Ke6 {[%clk 0:07:23]} 65. Kh4 {[%clk 0:02:17]} Bd8+
{[%clk 0:07:10]} 66. Kh3 {[%clk 0:02:08]} Bg5 {[%clk 0:07:23]} 67. Bc5
{[%clk 0:02:18]} Kd5 {[%clk 0:07:09]} 68. Bb4 {[%clk 0:01:36]} h4
{[%clk 0:07:23]} 69. Ba5 {[%clk 0:00:49]} Kc4 {[%clk 0:07:17]} 70. Bb6
{[%clk 0:00:57]} Kd3 {[%clk 0:07:39]} 71. Kg4 {[%clk 0:00:58]} Ke2
{[%clk 0:07:53]} 0-1

[Event "Moscow Open 2016 A"]
[Site "?"]
[Date "2016.02.03"]
[Round "5.6"]
[White "Shtembuliak, Evgeny"]
[Black "Timofeev, Artyom"]
[Result "0-1"]
[BlackElo "2570"]
[WhiteElo "2420"]
[LiveChessVersion "1.4.7"]

1. e4 {[%clk 1:30:57]} c5 {[%clk 1:30:46]} 2. Nc3 {[%clk 1:31:14]} d6
{[%clk 1:30:15]} 3. f4 {[%clk 1:31:24]} g6 {[%clk 1:30:13]} 4. Nf3
{[%clk 1:31:47]} Bg7 {[%clk 1:30:31]} 5. Bb5+ {[%clk 1:32:04]} Bd7
{[%clk 1:29:23]} 6. Bc4 {[%clk 1:32:24]} e6 {[%clk 1:25:25]} 7. O-O
{[%clk 1:32:11]} Ne7 {[%clk 1:25:05]} 8. d3 {[%clk 1:31:40]} O-O {[%clk 1:09:06]}
9. Qe1 {[%clk 1:21:13]} Nbc6 {[%clk 1:08:04]} 10. f5 {[%clk 1:13:31]} gxf5
{[%clk 1:07:38]} 11. Qh4 {[%clk 0:33:48]} Nd4 {[%clk 0:53:07]} 12. Qh5
{[%clk 0:30:15]} b5 {[%clk 0:45:40]} 13. Bb3 {[%clk 0:23:24]} b4 {[%clk 0:42:33]}
14. Bh6 {[%clk 0:17:53]} Nxb3 {[%clk 0:30:40]} 15. axb3 {[%clk 0:06:28]} bxc3
{[%clk 0:23:52]} 16. Ng5 {[%clk 0:06:53]} Bd4+ {[%clk 0:24:08]} 17. Kh1
{[%clk 0:07:12]} f6 {[%clk 0:24:31]} 18. Bxf8 {[%clk 0:03:38]} fxg5
{[%clk 0:24:54]} 19. Bxe7 {[%clk 0:03:00]} Qxe7 {[%clk 0:25:17]} 20. exf5
{[%clk 0:03:25]} cxb2 {[%clk 0:20:09]} 21. Rae1 Rf8 {[%clk 0:20:11]} 22. Qd1
{[%clk 0:00:44]} Bc3 {[%clk 0:19:54]} 23. Re4 {[%clk 0:00:40]} Qf6
{[%clk 0:20:06]} 24. h4 {[%clk 0:00:34]} exf5 {[%clk 0:20:07]} 0-1

[Event "Moscow Open 2016 A"]
[Site "?"]
[Date "2016.02.03"]
[Round "5.7"]
[White "Oganian, Miran"]
[Black "Bernadskiy, Vitaliy"]
[Result "1-0"]
[BlackElo "2546"]
[WhiteElo "2405"]
[LiveChessVersion "1.4.7"]

1. d4 {[%clk 1:25:53]} Nf6 {[%clk 1:30:50]} 2. c4 {[%clk 1:26:16]} g6
{[%clk 1:30:57]} 3. Nc3 {[%clk 1:26:42]} d5 {[%clk 1:31:11]} 4. Bf4
{[%clk 1:27:07]} Bg7 {[%clk 1:30:59]} 5. e3 {[%clk 1:27:32]} O-O {[%clk 1:30:35]}
6. Nf3 {[%clk 1:27:49]} c5 {[%clk 1:25:25]} 7. dxc5 {[%clk 1:28:09]} Qa5
{[%clk 1:22:05]} 8. Rc1 {[%clk 1:28:33]} Rd8 {[%clk 1:10:34]} 9. Qa4
{[%clk 1:28:51]} Qxa4 {[%clk 1:10:34]} 10. Nxa4 {[%clk 1:29:13]} Nc6
{[%clk 1:10:21]} 11. Bc7 {[%clk 1:14:56]} Rd7 {[%clk 1:06:38]} 12. Bg3
{[%clk 1:15:14]} Ne4 {[%clk 1:05:04]} 13. cxd5 {[%clk 1:14:38]} Rxd5
{[%clk 1:04:12]} 14. Bc4 {[%clk 1:13:54]} Rd8 {[%clk 0:50:36]} 15. Bc7
{[%clk 0:40:48]} Rd7 {[%clk 0:50:10]} 16. Bf4 {[%clk 0:40:05]} e5
{[%clk 0:41:11]} 17. Bg3 {[%clk 0:39:16]} h6 {[%clk 0:40:29]} 18. Ke2
{[%clk 0:37:12]} Rd8 {[%clk 0:34:04]} 19. Rhd1 {[%clk 0:29:11]} Bd7
{[%clk 0:31:53]} 20. Bd5 {[%clk 0:24:57]} Nxg3+ {[%clk 0:29:35]} 21. hxg3
{[%clk 0:24:53]} Nb4 {[%clk 0:21:39]} 22. Nc3 {[%clk 0:24:56]} Nxd5
{[%clk 0:20:38]} 23. Rxd5 {[%clk 0:25:13]} Be6 {[%clk 0:19:28]} 24. Rxd8+
{[%clk 0:23:31]} Rxd8 {[%clk 0:19:53]} 25. b3 {[%clk 0:23:04]} a5
{[%clk 0:16:36]} 26. Nd2 {[%clk 0:18:11]} Bf8 {[%clk 0:11:29]} 27. Na4
{[%clk 0:18:21]} Bd7 {[%clk 0:11:29]} 28. Nc4 {[%clk 0:15:42]} Bb5
{[%clk 0:11:29]} 29. Ke1 {[%clk 0:15:33]} Bxa4 {[%clk 0:09:04]} 30. bxa4
{[%clk 0:15:26]} Bxc5 {[%clk 0:08:33]} 31. Ke2 {[%clk 0:11:07]} Bb4
{[%clk 0:07:18]} 32. a3 {[%clk 0:11:09]} Bf8 {[%clk 0:07:44]} 33. Nxe5
{[%clk 0:07:37]} Bxa3 {[%clk 0:08:03]} 34. Rb1 {[%clk 0:07:49]} Re8
{[%clk 0:03:12]} 35. Nd7 {[%clk 0:07:32]} Kg7 {[%clk 0:01:43]} 36. Rxb7
{[%clk 0:07:47]} Re4 {[%clk 0:02:08]} 37. Kd3 {[%clk 0:02:39]} Rxa4
{[%clk 0:01:53]} 38. Ne5 {[%clk 0:03:04]} Kf6 {[%clk 0:01:21]} 39. Nxf7
{[%clk 0:01:14]} Bf8 {[%clk 0:00:46]} 40. f4 {[%clk 0:31:16]} Ra3+
{[%clk 0:30:44]} 41. Ke4 {[%clk 0:30:47]} Ra4+ 42. Kd5 {[%clk 0:22:52]} Rb4
{[%clk 0:23:25]} 43. Rc7 {[%clk 0:22:45]} Rb5+ {[%clk 0:22:39]} 44. Ke4
{[%clk 0:18:48]} a4 {[%clk 0:17:35]} 45. Ne5 {[%clk 0:17:40]} Bd6
{[%clk 0:14:57]} 46. Rc6 {[%clk 0:17:20]} Ke7 {[%clk 0:15:21]} 47. Nxg6+
{[%clk 0:17:30]} Kd7 {[%clk 0:15:48]} 48. Ra6 {[%clk 0:17:50]} a3
{[%clk 0:15:46]} 49. Ne5+ {[%clk 0:18:00]} Bxe5 {[%clk 0:12:45]} 50. fxe5
{[%clk 0:18:23]} Rb2 {[%clk 0:13:04]} 51. Rxa3 {[%clk 0:18:23]} Rxg2
{[%clk 0:13:30]} 52. Ra7+ {[%clk 0:18:28]} Ke6 {[%clk 0:13:21]} 53. Ra6+
{[%clk 0:18:17]} Ke7 {[%clk 0:13:38]} 54. Kf3 {[%clk 0:12:54]} Rh2
{[%clk 0:13:34]} 55. Ra4 {[%clk 0:12:47]} Rc2 {[%clk 0:11:59]} 56. Rh4
{[%clk 0:12:33]} Rb2 {[%clk 0:12:26]} 57. Kf4 {[%clk 0:11:52]} Rb6
{[%clk 0:07:55]} 58. Kf5 {[%clk 0:10:55]} Kf7 {[%clk 0:07:25]} 59. Rh5
{[%clk 0:10:55]} Rb3 {[%clk 0:07:25]} 60. Rxh6 {[%clk 0:10:55]} Rxe3
{[%clk 0:07:18]} 61. g4 {[%clk 0:08:36]} Rf3+ 62. Kg5 {[%clk 0:08:02]} Re3
{[%clk 0:07:37]} 63. Rf6+ {[%clk 0:06:45]} Ke7 {[%clk 0:07:41]} 64. Rf5
{[%clk 0:06:44]} Re4 {[%clk 0:08:05]} 65. Kh5 {[%clk 0:06:44]} Ke6
{[%clk 0:08:19]} 66. Rf1 {[%clk 0:04:23]} Rxe5+ {[%clk 0:07:25]} 67. Kh6
{[%clk 0:04:44]} Re2 {[%clk 0:07:28]} 68. g5 {[%clk 0:05:07]} Rh2+
{[%clk 0:07:49]} 69. Kg7 {[%clk 0:05:31]} Rg2 {[%clk 0:07:39]} 70. g6
{[%clk 0:05:56]} Rg3 {[%clk 0:07:48]} 71. Re1+ {[%clk 0:05:59]} 1-0

[Event "Moscow Open 2016 A"]
[Site "?"]
[Date "2016.02.03"]
[Round "5.8"]
[White "Zakhartsov, Vladimir"]
[Black "Vokhidov, Shamsiddin"]
[Result "0-1"]
[BlackElo "2352"]
[WhiteElo "2462"]
[LiveChessVersion "1.4.7"]

1. c4 {[%clk 1:30:57]} e5 {[%clk 1:30:53]} 2. g3 {[%clk 1:31:23]} Nf6
{[%clk 1:31:11]} 3. Bg2 {[%clk 1:31:50]} Nc6 {[%clk 1:31:30]} 4. Nc3
{[%clk 1:32:15]} Bb4 {[%clk 1:31:55]} 5. Nd5 {[%clk 1:32:43]} Bc5
{[%clk 1:32:18]} 6. e3 {[%clk 1:33:10]} O-O {[%clk 1:32:24]} 7. Ne2
{[%clk 1:33:36]} a6 {[%clk 1:32:18]} 8. O-O {[%clk 1:33:55]} d6 {[%clk 1:32:27]}
9. b3 {[%clk 1:33:55]} Ba7 {[%clk 1:32:35]} 10. Bb2 {[%clk 1:34:14]} Nxd5
{[%clk 1:31:56]} 11. cxd5 {[%clk 1:34:34]} Ne7 {[%clk 1:32:18]} 12. d4
{[%clk 1:34:41]} f6 {[%clk 1:32:35]} 13. h3 {[%clk 1:34:40]} Bd7 {[%clk 1:32:41]}
14. Rc1 {[%clk 1:34:26]} Bb6 {[%clk 1:32:33]} 15. Qd2 {[%clk 1:32:58]} Qe8
{[%clk 1:31:52]} 16. a4 {[%clk 1:31:12]} a5 {[%clk 1:32:05]} 17. Kh2
{[%clk 1:28:13]} Kh8 {[%clk 1:27:38]} 18. f4 {[%clk 1:26:49]} Ng6
{[%clk 1:27:45]} 19. f5 {[%clk 1:24:42]} Ne7 {[%clk 1:27:44]} 20. dxe5
{[%clk 1:22:32]} dxe5 {[%clk 1:27:27]} 21. e4 {[%clk 1:20:08]} Nc8
{[%clk 1:26:06]} 22. Ba3 {[%clk 1:19:00]} Nd6 {[%clk 1:25:04]} 23. Nc3
{[%clk 1:12:51]} Qe7 {[%clk 1:24:20]} 24. Qd3 {[%clk 1:10:22]} Bd4
{[%clk 1:19:37]} 25. Ne2 {[%clk 1:06:20]} Bb6 {[%clk 1:19:40]} 26. Rc2
{[%clk 1:05:40]} Rac8 {[%clk 1:19:05]} 27. Rfc1 {[%clk 1:05:01]} Rfd8
{[%clk 1:18:28]} 28. Bc5 {[%clk 1:04:29]} Be8 {[%clk 1:17:25]} 29. Bxb6
{[%clk 0:49:27]} cxb6 {[%clk 1:17:50]} 30. Qe3 {[%clk 0:40:49]} Rxc2
{[%clk 1:15:39]} 31. Rxc2 {[%clk 0:41:10]} Rc8 {[%clk 1:16:06]} 32. Qc1
{[%clk 0:34:41]} Qd8 {[%clk 1:15:24]} 33. Rxc8 {[%clk 0:29:46]} Nxc8
{[%clk 1:15:21]} 34. g4 {[%clk 0:27:23]} Nd6 {[%clk 1:15:17]} 35. h4
{[%clk 0:26:28]} h6 {[%clk 1:12:53]} 36. Ng3 {[%clk 0:24:49]} b5 {[%clk 1:11:47]}
37. axb5 {[%clk 0:25:09]} Nxb5 {[%clk 1:11:38]} 38. Bf1 {[%clk 0:24:59]} Nd6
{[%clk 1:08:23]} 39. Qc3 {[%clk 0:23:19]} b6 {[%clk 0:58:45]} 40. Bd3
{[%clk 0:48:33]} Qc8 {[%clk 1:27:33]} 41. Qd2 {[%clk 0:48:56]} Qc5
{[%clk 1:27:16]} 42. g5 {[%clk 0:48:52]} Kh7 {[%clk 1:27:28]} 43. gxf6
{[%clk 0:38:41]} gxf6 {[%clk 1:27:54]} 44. Bc2 {[%clk 0:37:19]} Nb5
{[%clk 1:16:48]} 45. Bd1 {[%clk 0:29:53]} Qd4 {[%clk 1:15:54]} 46. Qc2
{[%clk 0:30:07]} Qc3 {[%clk 1:13:33]} 47. Qg2 {[%clk 0:28:34]} Qe1
{[%clk 1:13:53]} 48. Be2 {[%clk 0:22:45]} Nd4 {[%clk 1:13:11]} 49. Kh3
{[%clk 0:22:56]} Qd2 {[%clk 1:09:03]} 50. d6 {[%clk 0:17:41]} Nxe2
{[%clk 1:08:09]} 51. Qxe2 {[%clk 0:14:50]} Qxe2 {[%clk 1:05:39]} 52. Nxe2
{[%clk 0:15:19]} b5 {[%clk 1:04:55]} 53. Nc3 {[%clk 0:15:06]} Kg7
{[%clk 1:05:05]} 54. Kg4 {[%clk 0:11:39]} Bc6 {[%clk 1:01:49]} 55. Kf3
{[%clk 0:09:30]} Kf7 {[%clk 1:02:11]} 56. Na2 {[%clk 0:05:50]} b4
{[%clk 0:59:09]} 57. Nc1 {[%clk 0:05:26]} Ke8 {[%clk 0:59:12]} 58. Nd3
{[%clk 0:01:21]} Kd7 {[%clk 0:59:37]} 59. Nb2 {[%clk 0:01:43]} Bb5
{[%clk 0:59:30]} 60. Nd1 {[%clk 0:02:05]} Kxd6 {[%clk 0:58:56]} 61. Ne3
{[%clk 0:02:15]} Bd3 {[%clk 0:58:10]} 62. h5 {[%clk 0:01:15]} Kc5
{[%clk 0:57:42]} 63. Kf2 {[%clk 0:00:41]} Bxe4 {[%clk 0:57:31]} 64. Ke2
{[%clk 0:00:53]} a4 {[%clk 0:57:09]} 65. bxa4 {[%clk 0:01:15]} b3
{[%clk 0:57:32]} 66. Nd1 {[%clk 0:01:41]} Kb4 {[%clk 0:57:32]} 67. Kd2
{[%clk 0:02:04]} Bxf5 {[%clk 0:57:45]} 68. a5 {[%clk 0:02:24]} Kxa5
{[%clk 0:57:58]} 69. Kc3 {[%clk 0:02:48]} Ka4 {[%clk 0:57:24]} 70. Kb2
{[%clk 0:02:05]} Kb4 {[%clk 0:57:41]} 71. Nc3 {[%clk 0:02:27]} Kc4
{[%clk 0:57:07]} 72. Nd1 {[%clk 0:02:51]} Be6 {[%clk 0:57:11]} 0-1

[Event "Moscow Open 2016 A"]
[Site "?"]
[Date "2016.02.03"]
[Round "5.9"]
[White "Grachev, Boris"]
[Black "Litvinov, Maxim"]
[Result "1/2-1/2"]
[BlackElo "2408"]
[WhiteElo "2652"]
[LiveChessVersion "1.4.7"]

1. d4 {[%clk 1:17:47]} d5 {[%clk 1:30:55]} 2. Bf4 {[%clk 1:18:07]} Nf6
{[%clk 1:31:01]} 3. e3 {[%clk 1:18:32]} e6 {[%clk 1:31:07]} 4. Nd2
{[%clk 1:18:27]} c5 {[%clk 1:30:28]} 5. c3 {[%clk 1:18:21]} Bd6 {[%clk 1:30:18]}
6. Bg3 {[%clk 1:16:23]} Nc6 {[%clk 1:30:29]} 7. Ngf3 {[%clk 1:16:46]} O-O
{[%clk 1:30:36]} 8. Bd3 {[%clk 1:17:08]} b6 {[%clk 1:30:16]} 9. Ne5
{[%clk 1:16:32]} Bb7 {[%clk 1:30:11]} 10. Qb1 {[%clk 1:14:46]} a5
{[%clk 1:15:57]} 11. O-O {[%clk 1:06:15]} g6 {[%clk 1:11:22]} 12. Ndf3
{[%clk 0:54:47]} Nh5 {[%clk 1:06:34]} 13. Nxc6 {[%clk 0:50:27]} Bxc6
{[%clk 1:06:40]} 14. Bxd6 {[%clk 0:50:24]} Qxd6 {[%clk 1:07:02]} 15. Ne5
{[%clk 0:48:33]} Nf6 {[%clk 1:05:46]} 16. Qd1 {[%clk 0:47:33]} Nd7
{[%clk 1:01:15]} 17. f4 {[%clk 0:46:49]} f6 {[%clk 1:01:10]} 18. Nxd7
{[%clk 0:35:07]} Qxd7 {[%clk 1:01:12]} 19. Bc2 {[%clk 0:30:28]} c4
{[%clk 0:53:56]} 20. a4 {[%clk 0:28:57]} Rfb8 {[%clk 0:51:21]} 21. Qe2
{[%clk 0:25:56]} f5 {[%clk 0:49:53]} 22. h3 {[%clk 0:25:23]} b5 {[%clk 0:48:26]}
23. axb5 {[%clk 0:25:45]} Rxb5 {[%clk 0:48:44]} 24. Ra2 {[%clk 0:24:45]} Rab8
{[%clk 0:47:32]} 25. Rfa1 {[%clk 0:20:40]} Rxb2 {[%clk 0:46:12]} 26. Rxa5
{[%clk 0:21:06]} R8b5 {[%clk 0:45:32]} 27. Ra7 {[%clk 0:20:54]} Rb7
{[%clk 0:45:34]} 28. Ra8+ {[%clk 0:21:01]} Rb8 {[%clk 0:45:14]} 29. R8a7
{[%clk 0:21:00]} R8b7 {[%clk 0:45:20]} 30. R7a3 {[%clk 0:20:40]} R7b3
{[%clk 0:44:52]} 31. Qd1 {[%clk 0:20:53]} Rxa3 {[%clk 0:44:47]} 32. Rxa3
{[%clk 0:21:14]} Qe7 {[%clk 0:44:32]} 33. Ra1 {[%clk 0:20:24]} Rb8
{[%clk 0:42:15]} 34. Kh2 {[%clk 0:17:06]} Ra8 {[%clk 0:41:38]} 35. Rxa8+
{[%clk 0:16:57]} Bxa8 {[%clk 0:42:04]} 36. Qa1 {[%clk 0:17:21]} Bc6
{[%clk 0:42:30]} 37. Qa5 {[%clk 0:17:40]} Be8 {[%clk 0:41:01]} 38. Bd1
{[%clk 0:17:10]} h5 {[%clk 0:40:29]} 39. Bf3 {[%clk 0:15:36]} g5 {[%clk 0:38:35]}
40. fxg5 {[%clk 0:43:23]} Qxg5 {[%clk 1:08:47]} 41. Qa8 {[%clk 0:43:16]} Kf8
{[%clk 1:08:05]} 42. Qb8 {[%clk 0:42:56]} h4 {[%clk 1:05:27]} 43. Qe5
{[%clk 0:42:50]} Bf7 {[%clk 1:04:39]} 44. Bd1 {[%clk 0:39:19]} Be8 45. Be2
{[%clk 0:34:59]} Ke7 {[%clk 1:03:42]} 46. Bf3 {[%clk 0:32:52]} Ba4
{[%clk 1:01:25]} 47. Qf4 {[%clk 0:27:00]} Qxf4+ {[%clk 0:37:36]} 48. exf4
{[%clk 0:26:57]} Kf6 {[%clk 0:38:01]} 49. g3 {[%clk 0:26:56]} 1/2-1/2

[Event "Moscow Open 2016 A"]
[Site "?"]
[Date "2016.02.03"]
[Round "5.10"]
[White "Khismatullin, Denis"]
[Black "Savitskiy, Sergey"]
[Result "1-0"]
[BlackElo "2405"]
[WhiteElo "2626"]
[LiveChessVersion "1.4.7"]

1. c4 {[%clk 1:26:41]} Nf6 {[%clk 1:30:46]} 2. g3 {[%clk 1:27:05]} g6
{[%clk 1:31:01]} 3. Bg2 {[%clk 1:27:30]} Bg7 {[%clk 1:31:25]} 4. Nc3
{[%clk 1:26:14]} O-O {[%clk 1:31:44]} 5. d4 {[%clk 1:26:41]} d6 {[%clk 1:31:59]}
6. Nf3 {[%clk 1:27:05]} Nc6 {[%clk 1:32:15]} 7. O-O {[%clk 1:27:26]} Bf5
{[%clk 1:31:20]} 8. d5 {[%clk 1:17:16]} Na5 {[%clk 1:30:13]} 9. Nh4
{[%clk 1:16:27]} Bd7 {[%clk 1:26:33]} 10. Qd3 {[%clk 1:10:55]} c5
{[%clk 1:26:41]} 11. b3 {[%clk 1:08:53]} a6 {[%clk 1:22:37]} 12. Bd2
{[%clk 1:08:30]} Rb8 {[%clk 1:21:44]} 13. Rab1 {[%clk 1:08:23]} b5
{[%clk 1:20:54]} 14. Ne4 {[%clk 1:08:41]} Nxe4 {[%clk 1:11:30]} 15. Bxe4
{[%clk 1:04:01]} e5 {[%clk 1:05:23]} 16. dxe6 {[%clk 0:58:52]} Bxe6
{[%clk 1:05:32]} 17. Bd5 {[%clk 0:57:41]} Re8 {[%clk 1:05:16]} 18. Bxe6
{[%clk 0:41:08]} Rxe6 {[%clk 1:05:20]} 19. Ng2 {[%clk 0:40:43]} Nc6
{[%clk 1:00:10]} 20. Nf4 {[%clk 0:30:28]} Re8 {[%clk 1:00:09]} 21. Rfd1
{[%clk 0:28:56]} Nd4 {[%clk 0:53:29]} 22. e3 {[%clk 0:23:51]} Nf3+
{[%clk 0:51:15]} 23. Kg2 {[%clk 0:24:19]} Nxd2 {[%clk 0:51:11]} 24. Rxd2
{[%clk 0:24:37]} Qa5 {[%clk 0:48:16]} 25. Rbd1 {[%clk 0:21:50]} Be5
{[%clk 0:47:47]} 26. Nd5 {[%clk 0:22:04]} Bg7 {[%clk 0:47:53]} 27. Qe2
{[%clk 0:20:30]} Re4 {[%clk 0:41:05]} 28. Nf4 {[%clk 0:15:20]} bxc4
{[%clk 0:38:43]} 29. bxc4 {[%clk 0:15:14]} Bf8 {[%clk 0:37:50]} 30. Nd5
{[%clk 0:11:16]} Bg7 {[%clk 0:37:51]} 31. Qd3 {[%clk 0:05:42]} Ree8
{[%clk 0:37:27]} 32. h4 {[%clk 0:05:27]} h5 {[%clk 0:34:46]} 33. Nf4
{[%clk 0:05:23]} Bc3 {[%clk 0:32:11]} 34. Nxg6 {[%clk 0:02:01]} fxg6
{[%clk 0:25:03]} 35. Qxg6+ {[%clk 0:02:25]} Bg7 {[%clk 0:25:25]} 36. Rxd6
{[%clk 0:00:52]} Re7 {[%clk 0:25:41]} 37. R1d5 {[%clk 0:00:48]} Qc7
{[%clk 0:20:30]} 38. Rxh5 {[%clk 0:00:36]} Qb7+ {[%clk 0:20:38]} 39. Rdd5
{[%clk 0:00:41]} Rf7 {[%clk 0:19:58]} 40. Qh7+ {[%clk 0:30:40]} Kf8
{[%clk 0:50:21]} 41. e4 {[%clk 0:21:30]} Re8 {[%clk 0:45:30]} 42. Rhf5
{[%clk 0:13:11]} Ree7 {[%clk 0:38:57]} 43. Rd8+ {[%clk 0:13:02]} Re8
{[%clk 0:39:21]} 44. Rxe8+ {[%clk 0:13:24]} Kxe8 {[%clk 0:39:46]} 45. Qg8+
{[%clk 0:13:47]} Bf8 {[%clk 0:40:12]} 46. Qxf7+ {[%clk 0:14:07]} 1-0

[Event "Moscow Open 2016 A"]
[Site "?"]
[Date "2016.02.03"]
[Round "5.11"]
[White "Abdusattorov, Nodirbek"]
[Black "Goganov, Aleksey"]
[Result "1/2-1/2"]
[BlackElo "2591"]
[WhiteElo "2430"]
[LiveChessVersion "1.4.7"]

1. e4 {[%clk 1:30:51]} c5 {[%clk 1:30:56]} 2. Nf3 {[%clk 1:31:09]} e6
{[%clk 1:31:20]} 3. d4 {[%clk 1:31:16]} cxd4 {[%clk 1:31:45]} 4. Nxd4
{[%clk 1:31:29]} Nc6 {[%clk 1:32:10]} 5. Nxc6 {[%clk 1:30:59]} bxc6
{[%clk 1:32:30]} 6. Bd3 {[%clk 1:30:50]} d5 {[%clk 1:28:55]} 7. O-O
{[%clk 1:30:17]} Nf6 {[%clk 1:29:18]} 8. Nd2 {[%clk 1:30:16]} Be7
{[%clk 1:27:54]} 9. b3 {[%clk 1:29:09]} O-O {[%clk 1:18:38]} 10. Bb2
{[%clk 1:28:43]} c5 {[%clk 1:15:09]} 11. exd5 {[%clk 1:25:23]} exd5
{[%clk 1:11:58]} 12. c4 {[%clk 1:23:45]} d4 {[%clk 1:05:27]} 13. Ne4
{[%clk 1:23:12]} g6 {[%clk 1:04:55]} 14. Qf3 {[%clk 1:16:44]} Rb8
{[%clk 1:02:00]} 15. Nxf6+ {[%clk 1:16:13]} Bxf6 {[%clk 1:02:23]} 16. Rfe1
{[%clk 1:16:33]} Kg7 {[%clk 0:59:29]} 17. Bc1 {[%clk 1:13:57]} Bb7
{[%clk 0:58:35]} 18. Qf4 {[%clk 1:06:50]} Qb6 {[%clk 0:49:46]} 19. Bd2
{[%clk 1:05:11]} Rfe8 {[%clk 0:49:40]} 20. h4 {[%clk 1:01:11]} Qc6
{[%clk 0:45:29]} 21. f3 {[%clk 0:56:21]} h5 {[%clk 0:45:30]} 22. Qg3
{[%clk 0:54:26]} Rxe1+ {[%clk 0:44:03]} 23. Rxe1 {[%clk 0:53:21]} Re8
{[%clk 0:44:27]} 24. Rxe8 {[%clk 0:46:20]} Qxe8 {[%clk 0:44:43]} 25. Qc7
{[%clk 0:46:40]} Qe7 {[%clk 0:35:11]} 26. Qxe7 {[%clk 0:46:38]} Bxe7
{[%clk 0:35:35]} 27. Be1 {[%clk 0:46:52]} Bd8 {[%clk 0:35:11]} 28. Kf1
{[%clk 0:47:03]} Kf6 {[%clk 0:34:27]} 29. Ke2 {[%clk 0:45:59]} Ke6
{[%clk 0:34:51]} 30. g3 {[%clk 0:46:23]} Bc7 {[%clk 0:29:19]} 31. Kf2
{[%clk 0:43:43]} Bc6 {[%clk 0:29:04]} 32. Bd2 {[%clk 0:43:11]} a5
{[%clk 0:29:01]} 33. a4 {[%clk 0:43:17]} Ke7 {[%clk 0:25:38]} 34. Bh6
{[%clk 0:40:18]} f5 {[%clk 0:25:15]} 35. Bf4 {[%clk 0:36:31]} Bxf4
{[%clk 0:24:48]} 36. gxf4 {[%clk 0:36:50]} Kd6 {[%clk 0:25:14]} 37. Ke2
{[%clk 0:37:08]} Bb7 {[%clk 0:25:41]} 38. Kf2 {[%clk 0:37:23]} Bc6
{[%clk 0:26:08]} 39. Ke2 {[%clk 0:37:46]} Bb7 {[%clk 0:26:35]} 40. Kf2
{[%clk 1:08:09]} Bc6 1/2-1/2

[Event "Moscow Open 2016 A"]
[Site "?"]
[Date "2016.02.03"]
[Round "5.12"]
[White "Ponkratov, Pavel"]
[Black "Naumkin, Igor"]
[Result "1-0"]
[BlackElo "2403"]
[WhiteElo "2591"]
[LiveChessVersion "1.4.7"]

1. d4 {[%clk 1:29:37]} Nf6 {[%clk 1:30:42]} 2. c4 {[%clk 1:29:58]} e6
{[%clk 1:31:07]} 3. Nc3 {[%clk 1:30:25]} Bb4 {[%clk 1:31:31]} 4. Qc2
{[%clk 1:30:53]} O-O {[%clk 1:31:28]} 5. e4 {[%clk 1:31:22]} d5 {[%clk 1:31:01]}
6. e5 {[%clk 1:31:48]} Ne4 {[%clk 1:31:07]} 7. Bd3 {[%clk 1:32:15]} c5
{[%clk 1:30:32]} 8. Nf3 {[%clk 1:32:41]} cxd4 {[%clk 1:28:18]} 9. Nxd4
{[%clk 1:31:59]} Nd7 {[%clk 1:25:52]} 10. Bf4 {[%clk 1:32:25]} Ndc5
{[%clk 1:24:00]} 11. O-O {[%clk 1:32:39]} Bxc3 {[%clk 1:22:57]} 12. bxc3
{[%clk 1:33:02]} Nxd3 {[%clk 1:22:24]} 13. Qxd3 {[%clk 1:33:28]} Qh4
{[%clk 1:17:59]} 14. Qe3 {[%clk 1:28:52]} b6 {[%clk 1:03:04]} 15. cxd5
{[%clk 1:20:57]} exd5 {[%clk 1:02:52]} 16. c4 {[%clk 1:21:23]} Ba6
{[%clk 0:59:22]} 17. Rfc1 {[%clk 1:20:30]} Bxc4 {[%clk 0:46:17]} 18. Rxc4
{[%clk 1:19:38]} dxc4 {[%clk 0:46:28]} 19. Qxe4 {[%clk 1:20:05]} Qg4
{[%clk 0:43:15]} 20. Nf5 {[%clk 1:18:33]} b5 {[%clk 0:40:22]} 21. f3
{[%clk 1:15:25]} Qh5 {[%clk 0:40:31]} 22. g4 {[%clk 1:15:36]} Qh3
{[%clk 0:40:49]} 23. e6 {[%clk 1:15:57]} 1-0